Les grands films des années 90 - Statistiques

Statistiques générales
  • Ce quiz a été pris 156 fois
  • Le résultat moyen est 10 sur 20
Statistiques - réponses
sortie Description Titre du film % Correct
1990 Au XVIIe siècle, un soldat éloquent au nez imposant, aide secrètement le beau mais maladroit Christian à séduire la belle Roxane en lui prêtant sa plume et ses mots. Cyrano de Bergerac
84%
1997 Lors de la traversée inaugurale d'un impressionnant navire, Rose, une aristocrate, et Jack, un artiste pauvre, vivent une idylle passionnée avant que le paquebot ne sombre. Titanic
80%
1993 L'histoire authentique d'un industriel allemand nazi, qui sauva plus d'un millier de juifs pendant la Seconde Guerre. On suit son évolution, du profit de guerre à un humanisme héroïque face à l'horreur de la Shoah. La liste de Schindler
71%
1991 Une jeune recrue du FBI sollicite l'aide d'un tueur cannibale pour traquer un autre criminel en série. Le silence des agneaux
70%
1995 Deux inspecteurs traquent un tueur en série méthodique qui met en scène ses crimes selon les sept péchés capitaux. Seven
66%
1998 Pendant la Seconde Guerre mondiale, après le débarquement en Normandie, un capitaine et son escouade risquent leur vie pour retrouver un soldat, dont les trois frères sont morts au combat. Il faut sauver le soldat Ryan
60%
1994 Parodie comique de thriller, qui suit un inspecteur maladroit et une attachée de presse alors qu'un tueur en série élimine les projectionnistes d'un film d'horreur en plein Festival de Cannes. La Cité de la peur
58%
1993 Un présentateur météo cynique et égoïste se retrouve coincé dans une boucle temporelle, et condamné à revivre éternellement la même journée du 2 février dans une petite ville qu'il déteste. Un jour sans fin
51%
1997 Dans un futur coloré et menacé par un Mal absolu, un chauffeur de taxi et une femme humanoïde divine tentent de réunir quatre pierres élémentaires pour sauver la Terre. Le Cinquième élément
50%
1999 Un programmeur découvre que sa réalité n'est qu'une simulation numérique créée par des machines pour asservir l'humanité. Il rejoint alors une rébellion pour libérer son esprit. Matrix
48%
1992 Thriller érotique où un inspecteur de police tombe sous le charme vénéneux d'une romancière provocatrice, principale suspecte d'un meurtre sanglant. Basic Instinct
47%
1994 Les destins entremêlés de malfrats, d'un boxeur et d'un couple de braqueurs s'entrechoquent dans un Los Angeles violent et stylisé : une fresque déjantée sur le crime et la rédemption. Pulp Fiction
47%
1996 Lorsqu'une immense flotte extraterrestre lance une attaque dévastatrice sur les grandes villes du monde, l'humanité s'unit pour survivre, ce 4 juillet... Independence Day
38%
1991 Un cyborg est envoyé du futur pour protéger un jeune homme d'un robot tueur quasi invincible. Ensemble, ils vont tenter d'éviter l'apocalypse nucléaire. Terminator 2
37%
1998 À la suite d'un quiproquo identitaire, le "Duc", un paresseux invétéré, passionné de bowling, se retrouve entraîné malgré lui dans une affaire d'enlèvement et de rançon rocambolesque. The Big Lebowski
32%
1992 Faux documentaire noir et satirique suivant Ben, un tueur à gages cynique et bavard qui présente ses crimes face caméra. Entre humour macabre et malaise... C'est arrivé près de chez vous
29%
1996 Dans le Minnesota enneigé, un vendeur de voitures endetté engage deux malfrats pour enlever sa femme contre rançon, mais le plan déraille dans une spirale de violence absurde. Fargo
25%
1995 Histoire, en flash-back, de la brève mais intense passion entre Francesca, une femme au foyer dévouée, et Robert, un photographe de passage dans l'Iowa. Sur la route de Madison
22%
1990 À la suite d'une implantation de souvenirs qui tourne mal, un ouvrier découvre que sa vie entière est une couverture et qu'il est en réalité un agent secret. Il s'envole alors pour Mars... Total Recall
22%
1999 L'histoire dépeint la crise de la cinquantaine d'un père de famille désabusé qui s'éprend de la meilleure amie de sa fille. Une illustration des faux-semblants de la banlieue américaine. American Beauty
20%
Aucun quiz correspondant
Distribution des résultats
% des personnes avec chaque résultat
Percentile par nombre de réponses
Votre historique - résultats
Vous n’avez pas pris ce quiz